Estudios sobre Felipe II / (Record no. 159202)

MARC details
000 -LEADER
campo de control de longitud fija 01349nam a2200277 i 4500
001 - NÚMERO DE CONTROL
campo de control 159202
003 - IDENTIFICADOR DE NÚMERO DE CONTROL
campo de control ES-MaACL
005 - FECHA Y HORA DE LA ÚLTIMA TRANSACCIÓN
campo de control 20251103210643.0
008 - DATOS DE LONGITUD FIJA--INFORMACIÓN GENERAL
campo de control de longitud fija 950111s1887 sp |||| | spa d
100 1# - ENTRADA PRINCIPAL--NOMBRE DE PERSONA
Nombre de persona Maurenbrecher, Wilhelm,
Fechas asociadas al nombre 1838-1892
9 (RLIN) 129741
245 10 - MENCIÓN DEL TÍTULO
Título Estudios sobre Felipe II /
Mención de responsabilidad, etc. por G. Maurenbrecher, M. Philippson y C. Justi ; traducidos del alemán por Ricardo de Hinojosa.
260 ## - PUBLICACIÓN, DISTRIBUCIÓN, ETC.
Lugar de publicación, distribución, etc. Madrid :
Nombre del editor, distribuidor, etc. [s.n.],
Fecha de publicación, distribución, etc. 1887 (
Fabricante Estab. Tip. de Ricardo Fe)
300 ## - DESCRIPCIÓN FÍSICA
Extensión XXI, 309 p. ;
Dimensiones 21 cm.
500 ## - NOTA GENERAL
Nota general Apéndice documental.
505 8# - NOTA DE CONTENIDO CON FORMATO
Nota de contenido con formato Contiene: La educacion de Felipe II / G. Maurenbrecher. Felipe II y el Pontificado / Martin Philippson. El príncipe D. Carlos / G. Maurenbrecher. Felipe II como amante de las bellas artes / C. Justi
530 ## - NOTA DISPONIBLE DE FORMULARIO FÍSICO ADICIONAL
Nota de formato físico adicional disponible Disponible en formato digital.
600 04 - PUNTO DE ACCESO ADICIONAL DE MATERIA--NOMBRE DE PERSONA
Nombre de persona Felipe
Numeración II,
Títulos y otros términos asociados al nombre Rey de España
9 (RLIN) 49175
600 14 - PUNTO DE ACCESO ADICIONAL DE MATERIA--NOMBRE DE PERSONA
Nombre de persona Austria, Carlos de,
Títulos y otros términos asociados al nombre Príncipe de Asturias,
Fechas asociadas al nombre 1545-1568
9 (RLIN) 23963
651 #4 - PUNTO DE ACCESO ADICIONAL DE MATERIA--NOMBRE GEOGRÁFICO
Nombre geográfico España-
Subdivisión general Historia-
Subdivisión cronológica 1556-1598, Felipe II.
9 (RLIN) 8218
700 12 - ENTRADA AGREGADA--NOMBRE PERSONAL
Nombre de persona Philippson, Martin,
Fechas asociadas al nombre 1846-1916
9 (RLIN) 131111
700 12 - ENTRADA AGREGADA--NOMBRE PERSONAL
Nombre de persona Justi, Carl (
Fechas asociadas al nombre 1832-1912)
9 (RLIN) 67357
700 1# - ENTRADA AGREGADA--NOMBRE PERSONAL
Nombre de persona Hinojosa y Naveros, Ricardo de,
Fechas asociadas al nombre 1860-1919
9 (RLIN) 63776
852 ## - LOCALIZACIÓN
Ubicación ES-MaACL
Número de control de estantería C-720
Nota libre - Enc. hol.
856 ## - LOCALIZACIÓN Y ACCESO ELECTRÓNICOS
Identificador Uniforme de Recursos <a href="http://bdh-rd.bne.es/viewer.vm?id=0000245486&page=1 ">http://bdh-rd.bne.es/viewer.vm?id=0000245486&page=1 </a>
Nota pública Biblioteca Digital Hispánica
Holdings
Estatus retirado Estado de pérdida Estado de daño No para préstamo Colección Biblioteca de origen Biblioteca actual Ubicación en estantería Fecha de adquisición Fuente de adquisición Total de préstamos Signatura topográfica completa Código de barras Visto por última vez Precio de reemplazo Tipo de ítem Koha
        Colección digital Biblioteca del Ateneo de Madrid Biblioteca del Ateneo de Madrid Sala Palomar 17/01/2008     C-720 1166660 23/02/2023 23/02/2023 Libro impreso antiguo